000 00208nam a22000857a 4500
008 170622b xxu||||| |||| 00| 0 eng d
100 _93629
_aArora. S
245 _aInformation Practices -XII
260 _aDelhi
_c2007
999 _c7020
_d7020